Zamestnanosť žien v EÚ diplomová práca

Saved in:
Bibliographic Details
Main Author: Bartošová, Daniela
Corporate Author: Národohospodárska fakulta EU. Katedra hospodárskej politiky
Other Authors: Veselovská, Stanislava, 1957-
Format: Book
Language:Slovak
Published: Bratislava 2011
Tags: Add Tag
No Tags, Be the first to tag this record!

MARC

LEADER 00000nbm a2200000 4500
001 0130849
005 20161109101623.7
041 0 |a slo 
044 |a SK 
245 1 0 |a Zamestnanosť žien v EÚ  |b diplomová práca  |c Daniela Bartošová ; školiteľ: Stanislava Veselovská 
264 1 |a Bratislava  |c 2011 
300 |a 65 s. 
100 1 |a Bartošová, Daniela 
700 1 |a Veselovská, Stanislava, 1957- 
710 2 |a Národohospodárska fakulta EU. Katedra hospodárskej politiky